Normal view
MARC view
Entry Geographic Name
001 - CONTROL NUMBER
- control field: 44765
003 - CONTROL NUMBER IDENTIFIER
- control field: ARRUPE
005 - DATE AND TIME OF LATEST TRANSACTION
- control field: 20190219112100.0
008 - FIXED-LENGTH DATA ELEMENTS
- fixed length control field: 190219|| aca||aabn | a|a d
040 ## - CATALOGING SOURCE
- Original cataloging agency: ARRUPE
- Transcribing agency: ARRUPE
151 ## - HEADING--GEOGRAPHIC NAME
- Geographic name: Malawi
- General subdivision: Politics and government
- Chronological subdivision: 1994-
670 ## - SOURCE DATA FOUND
- Source citation: Work cat.: (ARRUPE)0: Phiri, D. D. (Desmond Dudwa) 44764, Malawi our future our choice :, 2006.